[Event "CFriend SH-2004-0-00023 email"]
[Site "Chessfriend.com"]
[Date "2004.08.02"]
[Round "1"]
[White "Gertners, Gunars"]
[Black "Howard, Paul G"]
[Result "1/2-1/2"]
[WhiteElo "2134"]
[BlackElo "2074"]
[PlyCount "46"]
[EventDate "2004.08.02"]
[EventType "tourn (corr)"]
[EventRounds "12"]
[SourceTitle "Corr 2008"]
[Source "ChessBase"]
[SourceDate "2008.06.24"]
[SourceVersion "1"]
[SourceVersionDate "2008.06.24"]
[SourceQuality "1"]

1. c4 Nf6 2. Nc3 e5 3. g3 d5 4. cxd5 Nxd5 5. Bg2 Nb6 6. Nf3 Nc6 7. 0-0 Be7 8. d3 0-0 9. Be3 Be6 10. Qd2 Nd5 11. Rfc1 f6 12. a3 Nxe3 13. Qxe3 Qd7 14. b4 Rad8 15. Ne4 b6 16. Rc2 Bb3 17. Rb2 Bf7 18. Rc1 Nd4 19. Nxd4 exd4 20. Qf4 Rc8 21. Rbc2 c6 22. h4 Bb3 23. Rb2 Bf7 1/2-1/2

[Event "CFriend SH-2004-0-00023 email"]
[Site "Chessfriend.com"]
[Date "2004.08.02"]
[Round "1"]
[White "Howard, Paul G"]
[Black "Kresz, Laszlo"]
[Result "1/2-1/2"]
[WhiteElo "2074"]
[BlackElo "2207"]
[PlyCount "33"]
[EventDate "2004.08.02"]
[EventType "tourn (corr)"]
[EventRounds "12"]
[SourceTitle "Corr 2008"]
[Source "ChessBase"]
[SourceDate "2008.06.24"]
[SourceVersion "1"]
[SourceVersionDate "2008.06.24"]
[SourceQuality "1"]

1. d4 e6 2. c4 Nf6 3. Nc3 Bb4 4. Qc2 0-0 5. a3 Bxc3+ 6. Qxc3 b6 7. Bg5 Bb7 8. f3 h6 9. Bh4 d5 10. cxd5 exd5 11. Bxf6 Qxf6 12. Qxc7 Ba6 13. e3 Bxf1 14. Kxf1 Nc6 15. Qf4 Qxf4 16. exf4 Nxd4 17. Rd1 1/2-1/2

[Event "CFriend SH-2004-0-00023 email"]
[Site "Chessfriend.com"]
[Date "2004.08.02"]
[Round "1"]
[White "Myers, David Robert"]
[Black "Howard, Paul G"]
[Result "1/2-1/2"]
[WhiteElo "2406"]
[BlackElo "2074"]
[PlyCount "38"]
[EventDate "2004.08.02"]
[EventType "tourn (corr)"]
[EventRounds "12"]
[SourceTitle "Corr 2008"]
[Source "ChessBase"]
[SourceDate "2008.06.24"]
[SourceVersion "1"]
[SourceVersionDate "2008.06.24"]
[SourceQuality "1"]

1. d4 Nf6 2. c4 e6 3. Nf3 b6 4. a3 Bb7 5. Nc3 d5 6. Bg5 Be7 7. e3 0-0 8. Qc2 c5 9. dxc5 bxc5 10. Be2 Nbd7 11. Rd1 Qb6 12. 0-0 Rac8 13. Rd2 Bd6 14. Rfd1 h6 15. Bh4 Bc6 16. cxd5 exd5 17. a4 a6 18. Qd3 c4 19. Qf5 Bb4 1/2-1/2

[Event "IECG CP.2002.Q.00020 email"]
[Site "IECG email"]
[Date "2003.10.01"]
[Round "?"]
[White "Howard, Paul G"]
[Black "Ingersol, Harry"]
[Result "1/2-1/2"]
[WhiteElo "1700"]
[BlackElo "2350"]
[PlyCount "87"]
[EventDate "2003.10.01"]
[EventType "tourn (corr)"]
[EventRounds "10"]
[SourceTitle "Corr 2008"]
[Source "ChessBase"]
[SourceDate "2008.06.24"]
[SourceVersion "1"]
[SourceVersionDate "2008.06.24"]
[SourceQuality "1"]

1. c4 Nf6 2. g3 e6 3. Bg2 d5 4. Nf3 dxc4 5. Qa4+ Nbd7 6. Qxc4 c6 7. 0-0 Bd6 8. d4 0-0 9. Nc3 e5 10. Bg5 Qa5 11. Bd2 Qb6 12. Na4 Qc7 13. Rac1 Re8 14. Ng5 Nb6 15. Nxb6 axb6 16. d5 c5 17. a3 Bf5 18. e4 Bd7 19. Qd3 b5 20. Nf3 c4 21. Qe2 Bc5 22. Bc3 Qd6 23. h3 Ra4 24. Nd2 Qb6 25. Rfd1 Ra6 26. Nf3 Qd6 27. Ne1 h6 28. Nc2 Nh7 29. Bb4 b6 30. Bc3 Ng5 31. Qh5 Qf8 32. Nb4 Raa8 33. Bd2 g6 34. Qh4 Be7 35. Kf1 Ra7 36. Be3 Kh7 37. d6 Bd8 38. Nd5 f5 39. Ne7 Rxe7 40. Bxg5 Re8 41. Bxd8 Rxd8 42. Qe7+ Qxe7 43. dxe7 Re8 44. Rd6 1/2-1/2